All Dinosaurs In The Jurassic Park/World Trilogy - Statistics

General Stats
  • This quiz has been taken 72 times
  • The average score is 23 of 38
Answer Stats
Starting Letter First Appearance Last Appearance Answer % Correct
T Jurassic Park Dominion Tyrannosaurus
86%
A Fallen Kingdom Dominion Allosaurus
84%
A Jurassic Park III Dominion Ankylosaurus
77%
I Fallen Kingdom Fallen Kingdom Indoraptor
75%
B Jurassic Park Dominion Brachiosaurus
73%
I Jurassic World Jurassic World Indominus rex
73%
S The Lost World Dominion Stegosaurus
73%
V Jurassic Park Dominion Velociraptor
73%
A Jurassic World Dominion Apatosaurus
70%
T Jurassic Park Dominion Triceratops
70%
D Jurassic Park Dominion Dilophosaurus
68%
S Jurassic Park III Jurassic Park III Spinosaurus
68%
C Jurassic Park III Jurassic Park III Ceratosaurus
66%
G Jurassic Park Dominion Gallimimus
66%
C Fallen Kingdom Dominion Carnotaurus
64%
G Dominion Dominion Giganotosaurus
64%
M Jurassic World Dominion Mosasaurus
64%
P The Lost World The Lost World Pachycephalosaurus
61%
P Jurassic Park Dominion Parasaurolophus
61%
B Fallen Kingdom Dominion Baryonyx
59%
P The Lost World Dominion Pteranodon
59%
A Dominion Dominion Atrociraptor
57%
D Jurassic World Dominion Dimorphodon
57%
I Dominion Dominion Iguanodon
57%
Q Dominion Dominion Quetzalcoatlus
57%
C The Lost World Dominion Compsognathus
55%
D Dominion Dominion Dimetrodon
55%
T Dominion Dominion Therizinosaurus
50%
C Jurassic Park III Jurassic Park III Corythosaurus
48%
M The Lost World The Lost World Mamenchisaurus
45%
S Fallen Kingdom Dominion Stygimoloch
45%
N Dominion Dominion Nasutoceratops
43%
P Dominion Dominion Pyroraptor
43%
S Fallen Kingdom Dominion Sinoceratops
43%
D Dominion Dominion Dreadnoughtus
41%
L Dominion Dominion Lystrosaurus
39%
M Dominion Dominion Moros
34%
M Dominion Dominion Microceratus
30%
No matching quizzes found
Score Distribution
Percent of People with Each Score
Percentile by Number Answered
Your Score History
You have not taken this quiz